| 000 | 00708nam a2200265 a 4500 | ||
|---|---|---|---|
| 001 | vtls001527820 | ||
| 003 | NLI | ||
| 005 | 20210627144827.0 | ||
| 008 | 121212s1901 xx 000 0 eng | ||
| 039 | 9 |
_y201212121613 _zVLOAD |
|
| 040 | 0 |
_aNLI _beng _cXData_1 _eAACR2 |
|
| 041 | 0 | _aeng | |
| 044 | _axx | ||
| 082 | _a174 | ||
| 245 | 0 | 0 | _aBabylonian and Assyrian literature |
| 260 |
_a[S.l.] : _bColonial Press, _c1901 |
||
| 300 |
_avi, 142 p. ; _c24 cm. |
||
| 650 | 0 | _aJapainese literature | |
| 710 | 2 |
_aColonial Press _4pbl _9757103 |
|
| 887 | _a | ||
| 901 |
_aIMP292629 _b20.09.1952 |
||
| 902 | _a174 D 253 | ||
| 949 |
_AVIRTUAITEM _D10000 _X100 _6IMP000292629ENG |
||
| 942 |
_2ddc _cBKS |
||
| 999 |
_aVIRTUA40 _c977921 _d977921 |
||